| 000 | 00543nam a22001937a 4500 | ||
|---|---|---|---|
| 003 | KOHA_MİRAKIL | ||
| 005 | 20251224114329.0 | ||
| 008 | 251224b tu ||||| |||| 00| 0 tur d | ||
| 020 | _a9786055022266 | ||
| 040 |
_aTR-AnABB _btur _cTR-AnABB |
||
| 041 | _atur | ||
| 082 |
_a306.85 _bSIS 2022 |
||
| 100 | 1 | _aAydın, Mustafa, | |
| 245 | 1 | 0 |
_aSistematik aile sosyolojisi / _cMustafa Aydın |
| 260 |
_aKonya : _bÇizgi Kitabevi Yayınları, _c2022 |
||
| 300 |
_a398 sayfa ; _c21 cm |
||
| 650 | 0 | 4 | _aAile sosyolojisi |
| 942 |
_2ddc _cBK |
||
| 999 |
_c9901 _d9901 |
||
| 900 | _bGizem YORULMAZ | ||